| 000 | 00639nam a2200205 i 4500 | ||
|---|---|---|---|
| 001 | 29442 | ||
| 003 | ES-MaACL | ||
| 005 | 20230906154032.0 | ||
| 007 | t| | ||
| 008 | 030122s1971 sp ||||1| spa d | ||
| 100 | 1 |
_aBarbour, Ian G. _925481 |
|
| 245 | 1 | 0 |
_aProbelams de religión y ciencia / _cpor Ian G. Barbour ; [traducción de Bernardo Bravo]. |
| 260 |
_aSantander : _bSal Terrae, _c[1971] |
||
| 300 |
_a556 p. ; _c21 cm. |
||
| 490 | 1 |
_aTeología y mundo actual ; _v28 |
|
| 700 | 1 |
_aBravo, Bernardo. _931445 |
|
| 830 | 0 |
_aTeología y mundo actual ; _v28 _9182301 |
|
| 852 |
_aES-MaACL _jC-42257 _bR.79563 |
||
| 999 |
_c29442 _d29442 |
||